000
00350nam a2200145 a 4500
005
20140412111328.0
008
110129s19uu xx 00 eng d
020
_a
0-380-71215-6
050
_a
ER
_b
Di32 1990
100
_a
BirnBaum, Steve
245
_a
Disneyland /
_c
Steve Birnbaum.
260
_b
Avon,
_c
1990.
300
_a
160p.
999
_c
104793
_d
104793